000
00293nam a22001337a 4500
008
170616b xxu||||| |||| 00| 0 eng d
020
_a
9780130116581
041
_a
eng
080
_a
38
100
_a
20
101
_a
SHP
245
_a
GOVERNMENT BY POPLE
_c
PELTASON.J.W
942
_2
udc
_c
BK
999
_c
17969
_d
17969